[Event "European Individual Championship - Reyk"]
[Site "Reykjavik, Iceland"]
[Date "2021.08.27"]
[Round "2.23"]
[White "Antipov, Mikhail Al."]
[Black "Quparadze, Giga"]
[Result "1-0"]
[WhiteElo "2607"]
[BlackElo "2476"]
[PlyCount "55"]
[EventDate "2021.??.??"]

1. e4 c5 {[%emt 0:00:01]} 2. Nf3 {[%emt 0:00:06]} e6 {[%emt 0:00:04]} 3. d4 {
[%emt 0:00:12]} cxd4 4. Nxd4 {[%emt 0:00:06]} a6 {[%emt 0:00:03]} 5. a3 {
[%emt 0:00:10]} Nf6 {[%emt 0:00:20]} 6. Nc3 {[%emt 0:00:11]} d5 {[%emt 0:00:50]
} 7. exd5 {[%emt 0:06:24]} Nxd5 8. Nxd5 {[%emt 0:00:06]} Qxd5 {[%emt 0:00:10]}
9. Be3 {[%emt 0:00:04]} e5 {[%emt 0:01:59]} 10. c4 {[%emt 0:09:23]} Qd7 {
[%emt 0:03:12]} 11. Ne2 {[%emt 0:04:08]} Nc6 {[%emt 0:01:05]} 12. Nc3 {[%emt 0:
01:31]} Nd4 {[%emt 0:00:22]} 13. Bd3 {[%emt 0:13:44]} Bc5 {[%emt 0:01:58]} 14.
b4 {[%emt 0:11:35]} Ba7 {[%emt 0:00:10]} 15. Qh5 {[%emt 0:03:46]} Nc6 {[%emt 0:
20:48]} 16. Nd5 {[%emt 0:02:21]} Qd6 {[%emt 0:00:05]} 17. Be4 {[%emt 0:08:12]}
Bd4 {[%emt 0:00:36]} 18. c5 {[%emt 0:03:05]} Qd8 {[%emt 0:00:51]} 19. Bxd4 {
[%emt 0:02:30]} exd4 {[%emt 0:00:05]} 20. O-O {[%emt 0:00:14]} Be6 {[%emt 0:00:
40]} 21. Rfe1 {[%emt 0:00:34]} Kf8 {[%emt 0:02:15]} 22. Nb6 {[%emt 0:06:39]}
Ra7 {[%emt 0:00:04]} 23. Rad1 {[%emt 0:00:50]} Qf6 {[%emt 0:00:08]} 24. Bd5 {
[%emt 0:01:39]} Qf5 {[%emt 0:02:26]} 25. Qh4 {[%emt 0:02:50]} g6 {[%emt 0:05:
55]} 26. Qh6+ {[%emt 0:02:11]} Kg8 {[%emt 0:00:16]} 27. Bxc6 {[%emt 0:00:18]}
bxc6 {[%emt 0:00:05]} 28. Rxd4 {[%emt 0:00:07]} 1-0

[Event "European Individual Championship - Reyk"]
[Site "Reykjavik, Iceland"]
[Date "2021.08.27"]
[Round "2.24"]
[White "Petenyi, Tamas"]
[Black "Gretarsson, Hjorvar Steinn"]
[Result "0-1"]
[WhiteElo "2463"]
[BlackElo "2603"]
[PlyCount "158"]
[EventDate "2021.??.??"]

1. e4 {[%emt 0:00:24]} c5 {[%emt 0:02:40]} 2. Nc3 {[%emt 0:01:05]} Nc6 {
[%emt 0:00:57]} 3. Nf3 {[%emt 0:04:20]} e6 {[%emt 0:00:32]} 4. Bb5 {[%emt 0:02:
08]} Nge7 {[%emt 0:00:53]} 5. d4 {[%emt 0:08:25]} cxd4 {[%emt 0:00:06]} 6. Nxd4
{[%emt 0:00:05]} Nxd4 {[%emt 0:00:28]} 7. Qxd4 {[%emt 0:00:05]} a6 {[%emt 0:00:
14]} 8. Bd3 {[%emt 0:00:51]} Nc6 {[%emt 0:01:18]} 9. Qe3 {[%emt 0:00:14]} b5 {
[%emt 0:08:22]} 10. Qg3 {[%emt 0:11:03]} d6 {[%emt 0:10:35]} 11. O-O {[%emt 0:
09:21]} b4 {[%emt 0:04:03]} 12. Nd1 {[%emt 0:07:45]} h5 {[%emt 0:03:55]} 13. h3
{[%emt 0:07:23]} h4 {[%emt 0:05:32]} 14. Qe3 {[%emt 0:00:39]} Be7 {[%emt 0:11:
15]} 15. b3 {[%emt 0:02:02]} g5 {[%emt 0:15:32]} 16. Bb2 {[%emt 0:06:38]} Bf6 {
[%emt 0:02:45]} 17. f4 {[%emt 0:14:47]} Ra7 {[%emt 0:11:52]} 18. Bxf6 {[%emt 0:
07:37]} Qxf6 {[%emt 0:00:02]} 19. e5 {[%emt 0:00:09]} gxf4 {[%emt 0:08:13]} 20.
Qb6 {[%emt 0:01:40]} Nxe5 {[%emt 0:00:38]} 21. Qxa7 {[%emt 0:02:52]} Nxd3 {
[%emt 0:00:05]} 22. Qc7 {[%emt 0:04:01]} Qd4+ 23. Kh1 {[%emt 0:01:34]} Qc5 {
[%emt 0:05:46]} 24. Qxc5 {[%emt 0:00:28]} Nxc5 {[%emt 0:00:06]} 25. Rxf4 {
[%emt 0:00:04]} a5 {[%emt 0:00:19]} 26. a3 {[%emt 0:01:23]} e5 {[%emt 0:00:27]}
27. Rc4 {[%emt 0:01:39]} bxa3 {[%emt 0:03:07]} 28. Rxa3 {[%emt 0:01:07]} Be6
29. Rc3 {[%emt 0:01:04]} Ne4 {[%emt 0:00:49]} 30. Re3 {[%emt 0:00:20]} f5 {
[%emt 0:00:21]} 31. Rxa5 {[%emt 0:00:13]} Ke7 {[%emt 0:00:26]} 32. Kg1 {
[%emt 0:02:43]} Rg8 {[%emt 0:00:51]} 33. Nf2 {[%emt 0:00:49]} Ng3 {[%emt 0:00:
59]} 34. c4 {[%emt 0:00:17]} Rb8 {[%emt 0:00:44]} 35. c5 {[%emt 0:00:44]} e4 {
[%emt 0:00:58]} 36. Ra7+ {[%emt 0:01:23]} Kf6 {[%emt 0:00:16]} 37. cxd6 {
[%emt 0:00:07]} Bxb3 {[%emt 0:00:50]} 38. Re1 {[%emt 0:01:11]} Be6 {[%emt 0:00:
41]} 39. Ra6 {[%emt 0:00:18]} Rd8 {[%emt 0:00:31]} 40. Rb6 {[%emt 0:01:25]} Bc4
{[%emt 0:00:34]} 41. Nd1 {[%emt 0:13:18]} Rd7 {[%emt 0:17:11]} 42. Ne3 {
[%emt 0:04:10]} Be6 {[%emt 0:02:11]} 43. Nc2 {[%emt 0:09:54]} f4 {[%emt 0:00:
10]} 44. Nd4 {[%emt 0:00:19]} Bd5 {[%emt 0:01:57]} 45. Nb5 {[%emt 0:03:53]} Ke5
{[%emt 0:02:21]} 46. Nc3 {[%emt 0:00:18]} Bc4 {[%emt 0:01:22]} 47. Rb4 {
[%emt 0:02:50]} Bd3 {[%emt 0:00:56]} 48. Nd1 {[%emt 0:00:06]} Rxd6 {[%emt 0:03:
04]} 49. Nf2 {[%emt 0:00:08]} e3 {[%emt 0:00:34]} 50. Ng4+ {[%emt 0:00:58]} Kf5
{[%emt 0:00:09]} 51. Ra1 {[%emt 0:00:36]} Be2 {[%emt 0:01:16]} 52. Nh6+ {
[%emt 0:02:32]} Kg6 {[%emt 0:00:54]} 53. Ng8 {[%emt 0:00:26]} Bd3 {[%emt 0:00:
33]} 54. Ne7+ {[%emt 0:01:01]} Kf7 {[%emt 0:00:55]} 55. Nc8 Ne2+ {[%emt 0:00:
14]} 56. Kh2 {[%emt 0:00:13]} Rc6 {[%emt 0:01:00]} 57. Nb6 {[%emt 0:00:28]} Ke6
{[%emt 0:00:24]} 58. Na4 {[%emt 0:01:10]} Bf5 {[%emt 0:00:44]} 59. Re1 {
[%emt 0:00:34]} Rc2 {[%emt 0:00:27]} 60. Nc5+ {[%emt 0:01:06]} Rxc5 {[%emt 0:
00:23]} 61. Rxe2 {[%emt 0:00:04]} Ke5 {[%emt 0:00:35]} 62. Rb8 {[%emt 0:00:15]}
Be4 {[%emt 0:00:36]} 63. Rd8 {[%emt 0:00:56]} Bd5 {[%emt 0:00:23]} 64. Rb2 {
[%emt 0:00:33]} Bc6 {[%emt 0:00:28]} 65. Rh8 {[%emt 0:00:23]} Kd4 {[%emt 0:00:
22]} 66. Rxh4 {[%emt 0:00:50]} Kc3 {[%emt 0:00:04]} 67. Rf2 {[%emt 0:00:53]}
Rc4 {[%emt 0:00:39]} 68. Rf1 {[%emt 0:00:42]} e2 {[%emt 0:01:05]} 69. Rc1+ {
[%emt 0:00:38]} Kd3 {[%emt 0:00:11]} 70. Ra1 {[%emt 0:00:15]} Kd2 {[%emt 0:00:
12]} 71. Rh6 {[%emt 0:00:41]} e1=Q {[%emt 0:00:41]} 72. Rd6+ {[%emt 0:00:02]}
Ke2 {[%emt 0:00:08]} 73. Re6+ {[%emt 0:00:39]} Be4 {[%emt 0:00:11]} 74. Rxe1+
Kxe1 {[%emt 0:00:07]} 75. h4 {[%emt 0:00:05]} Kf2 {[%emt 0:00:29]} 76. Rb6 {
[%emt 0:00:26]} Rc2 {[%emt 0:00:38]} 77. h5 {[%emt 0:00:47]} Bxg2 {[%emt 0:00:
45]} 78. h6 {[%emt 0:00:12]} Be4 {[%emt 0:01:04]} 79. Kh3 {[%emt 0:00:05]} f3 {
[%emt 0:00:27]} 0-1

[Event "European Individual Championship - Reyk"]
[Site "Reykjavik, Iceland"]
[Date "2021.08.27"]
[Round "2.26"]
[White "Horvath, Dominik"]
[Black "Demchenko, Anton"]
[Result "0-1"]
[WhiteElo "2455"]
[BlackElo "2597"]
[PlyCount "84"]
[EventDate "2021.??.??"]

1. d4 Nf6 {[%emt 0:00:09]} 2. c4 {[%emt 0:00:05]} e6 {[%emt 0:00:18]} 3. Nf3 {
[%emt 0:00:32]} b6 {[%emt 0:00:56]} 4. g3 {[%emt 0:00:02]} Bb7 {[%emt 0:00:14]}
5. Bg2 {[%emt 0:00:06]} Bb4+ {[%emt 0:00:19]} 6. Nbd2 {[%emt 0:05:13]} O-O {
[%emt 0:02:20]} 7. O-O {[%emt 0:00:20]} Re8 {[%emt 0:03:41]} 8. b3 {[%emt 0:11:
54]} Bc3 {[%emt 0:09:50]} 9. Rb1 {[%emt 0:00:05]} c5 {[%emt 0:00:59]} 10. Bb2 {
[%emt 0:05:58]} Bxb2 {[%emt 0:04:19]} 11. Rxb2 {[%emt 0:00:04]} Nc6 {[%emt 0:
11:00]} 12. Nb1 {[%emt 0:09:38]} d5 {[%emt 0:03:24]} 13. cxd5 {[%emt 0:10:29]}
exd5 {[%emt 0:00:23]} 14. dxc5 {[%emt 0:06:09]} bxc5 {[%emt 0:00:14]} 15. Qc1 {
[%emt 0:03:20]} Qe7 {[%emt 0:03:51]} 16. e3 {[%emt 0:10:28]} Rac8 {[%emt 0:03:
46]} 17. Rd1 {[%emt 0:01:06]} d4 {[%emt 0:21:26]} 18. exd4 {[%emt 0:04:09]}
Nxd4 {[%emt 0:05:22]} 19. Nxd4 {[%emt 0:00:23]} cxd4 {[%emt 0:00:02]} 20. Qf4 {
[%emt 0:05:22]} Ba6 {[%emt 0:05:50]} 21. h3 {[%emt 0:03:40]} d3 {[%emt 0:00:19]
} 22. Rbd2 {[%emt 0:08:07]} Rc2 {[%emt 0:05:02]} 23. Qa4 {[%emt 0:00:33]} Qe6 {
[%emt 0:00:23]} 24. b4 {[%emt 0:02:33]} Rxd2 {[%emt 0:07:17]} 25. Nxd2 {
[%emt 0:00:15]} Qb6 {[%emt 0:00:12]} 26. Qc6 {[%emt 0:02:03]} Bb5 {[%emt 0:00:
27]} 27. Qxb6 {[%emt 0:05:19]} axb6 {[%emt 0:00:01]} 28. Bf3 {[%emt 0:04:18]}
g5 {[%emt 0:03:58]} 29. Ra1 {[%emt 0:01:30]} Ba4 {[%emt 0:00:33]} 30. Nb3 {
[%emt 0:01:01]} Rc8 {[%emt 0:05:50]} 31. Nd2 {[%emt 0:00:33]} Rc2 {[%emt 0:00:
55]} 32. Bd1 {[%emt 0:00:30]} Rxd2 {[%emt 0:00:16]} 33. Bxa4 {[%emt 0:00:04]}
Ne4 {[%emt 0:00:43]} 34. Bc6 {[%emt 0:00:25]} Nxf2 {[%emt 0:01:23]} 35. a4 {
[%emt 0:01:05]} Nxh3+ {[%emt 0:00:16]} 36. Kh1 {[%emt 0:00:02]} Rc2 {[%emt 0:
00:27]} 37. Bf3 {[%emt 0:01:06]} g4 {[%emt 0:01:13]} 38. Bd1 {[%emt 0:00:28]}
Nf2+ {[%emt 0:00:23]} 39. Kg1 {[%emt 0:00:03]} Nh3+ {[%emt 0:00:05]} 40. Kh1 {
[%emt 0:00:03]} Rc4 {[%emt 0:01:47]} 41. a5 {[%emt 0:01:27]} bxa5 {[%emt 0:00:
05]} 42. bxa5 {[%emt 0:00:12]} d2 {[%emt 0:00:39]} 0-1

[Event "European Individual Championship - Reyk"]
[Site "Reykjavik, Iceland"]
[Date "2021.08.27"]
[Round "2.27"]
[White "Saraci, Nderim"]
[Black "Romanov, Evgeny"]
[Result "1/2-1/2"]
[WhiteElo "2455"]
[BlackElo "2594"]
[PlyCount "66"]
[EventDate "2021.??.??"]

1. d4 {[%emt 18:25:52]} Nf6 {[%emt 0:02:21]} 2. c4 {[%emt 0:00:08]} e6 {
[%emt 0:00:20]} 3. Nf3 {[%emt 0:00:19]} b6 {[%emt 0:00:16]} 4. g3 {[%emt 0:00:
36]} Bb7 {[%emt 0:00:42]} 5. Bg2 {[%emt 0:00:31]} Bb4+ {[%emt 0:00:10]} 6. Bd2
{[%emt 0:01:08]} a5 {[%emt 0:00:12]} 7. O-O {[%emt 0:02:04]} O-O {[%emt 0:00:
07]} 8. Nc3 {[%emt 0:05:17]} Ne4 {[%emt 0:01:52]} 9. Nxe4 {[%emt 0:09:52]} Bxe4
{[%emt 0:00:11]} 10. Rc1 {[%emt 0:01:12]} Bxd2 {[%emt 0:10:23]} 11. Qxd2 {
[%emt 0:00:40]} d6 {[%emt 0:00:29]} 12. Rfd1 {[%emt 0:05:46]} Nd7 {[%emt 0:02:
18]} 13. Qe3 {[%emt 0:06:32]} Bb7 {[%emt 0:02:57]} 14. Qd3 {[%emt 0:07:49]} Nf6
{[%emt 0:10:35]} 15. Nd2 {[%emt 0:01:08]} Bxg2 {[%emt 0:00:52]} 16. Kxg2 {
[%emt 0:00:07]} Qe7 {[%emt 0:04:23]} 17. Qf3 {[%emt 0:09:08]} e5 {[%emt 0:03:
04]} 18. dxe5 {[%emt 0:00:40]} Qxe5 {[%emt 0:01:37]} 19. Rc2 {[%emt 0:02:54]}
Rae8 {[%emt 0:07:08]} 20. Nf1 {[%emt 0:05:23]} Ne4 21. Ne3 {[%emt 0:00:35]} c6
{[%emt 0:04:23]} 22. Qf4 {[%emt 0:06:45]} Qc5 {[%emt 0:02:00]} 23. Nf5 {
[%emt 0:08:07]} Re5 {[%emt 0:04:53]} 24. Nd4 {[%emt 0:01:34]} f5 {[%emt 0:07:
48]} 25. b4 {[%emt 0:07:52]} Qxb4 {[%emt 0:04:19]} 26. Nxc6 {[%emt 0:01:20]}
Qa4 {[%emt 0:00:15]} 27. Nd4 {[%emt 0:00:20]} b5 {[%emt 0:05:41]} 28. cxb5 {
[%emt 0:08:55]} Rd5 {[%emt 0:12:38]} 29. Rcd2 {[%emt 0:03:34]} Nxd2 {[%emt 0:
01:41]} 30. Rxd2 {[%emt 0:00:02]} Qb4 {[%emt 0:02:04]} 31. Qe3 {[%emt 0:02:07]}
Re5 {[%emt 0:04:34]} 32. Qb3+ {[%emt 0:00:48]} Qxb3 {[%emt 0:01:05]} 33. axb3 {
[%emt 0:00:07]} Rb8 {[%emt 0:01:32]} 1/2-1/2

[Event "European Individual Championship - Reyk"]
[Site "Reykjavik, Iceland"]
[Date "2021.08.27"]
[Round "2.28"]
[White "Huschenbeth, Niclas"]
[Black "Kacharava, Nikolozi"]
[Result "1-0"]
[WhiteElo "2592"]
[BlackElo "2453"]
[PlyCount "185"]
[EventDate "2021.??.??"]

1. e4 {[%emt 0:00:12]} c5 {[%emt 0:00:24]} 2. Nf3 {[%emt 0:00:13]} e6 {[%emt 0:
00:20]} 3. d4 {[%emt 0:00:04]} cxd4 {[%emt 0:00:06]} 4. Nxd4 {[%emt 0:00:04]}
Nc6 {[%emt 0:00:48]} 5. Nc3 {[%emt 0:00:05]} Qc7 {[%emt 0:00:24]} 6. Be3 {
[%emt 0:00:09]} a6 {[%emt 0:00:45]} 7. Bd3 {[%emt 0:00:06]} Nf6 {[%emt 0:00:35]
} 8. O-O {[%emt 0:00:06]} b5 {[%emt 0:01:05]} 9. Nxc6 {[%emt 0:00:08]} Qxc6 {
[%emt 0:00:22]} 10. Be2 {[%emt 0:04:24]} Bd6 {[%emt 0:00:49]} 11. Qd4 {[%emt 0:
06:49]} Bb7 {[%emt 0:01:06]} 12. Rad1 {[%emt 0:07:01]} Bb8 {[%emt 0:00:43]} 13.
Bf3 {[%emt 0:11:43]} Qc7 {[%emt 0:05:02]} 14. g3 {[%emt 0:00:57]} Ba7 {[%emt 0:
01:31]} 15. Qd3 {[%emt 0:03:28]} Bxe3 {[%emt 0:02:00]} 16. Qxe3 {[%emt 0:00:07]
} Rc8 {[%emt 0:12:39]} 17. e5 {[%emt 0:26:15]} Bxf3 {[%emt 0:03:21]} 18. exf6 {
[%emt 0:01:36]} Bxd1 {[%emt 0:01:38]} 19. Nd5 {[%emt 0:00:52]} Qd8 {[%emt 0:19:
25]} 20. Rxd1 {[%emt 0:08:58]} gxf6 {[%emt 0:15:00]} 21. Qh6 {[%emt 0:00:36]}
exd5 {[%emt 0:05:18]} 22. Re1+ {[%emt 0:00:06]} Qe7 {[%emt 0:00:03]} 23. Rxe7+
{[%emt 0:00:04]} Kxe7 {[%emt 0:00:05]} 24. Qe3+ {[%emt 0:01:49]} Kf8 {[%emt 0:
00:48]} 25. Qh6+ {[%emt 0:00:05]} Ke7 {[%emt 0:00:22]} 26. c3 {[%emt 0:00:20]}
Rc6 {[%emt 0:03:36]} 27. Qg7 {[%emt 0:03:35]} Rcc8 {[%emt 0:00:35]} 28. Qh6 {
[%emt 0:00:04]} Rc6 {[%emt 0:00:25]} 29. a3 {[%emt 0:08:26]} Re6 {[%emt 0:05:
26]} 30. Kf1 {[%emt 0:03:51]} a5 {[%emt 0:03:53]} 31. Qg7 {[%emt 0:00:32]} Rc8
{[%emt 0:03:23]} 32. Qxh7 {[%emt 0:00:32]} b4 {[%emt 0:00:28]} 33. Qd3 {
[%emt 0:03:20]} bxc3 {[%emt 0:01:25]} 34. bxc3 Rc5 {[%emt 0:01:55]} 35. h4 {
[%emt 0:02:21]} Rec6 {[%emt 0:00:20]} 36. h5 {[%emt 0:04:06]} Rxc3 {[%emt 0:00:
21]} 37. Qxd5 {[%emt 0:00:38]} R6c5 {[%emt 0:03:06]} 38. Qd4 {[%emt 0:01:20]}
R3c4 {[%emt 0:00:29]} 39. Qe3+ {[%emt 0:03:39]} Re5 {[%emt 0:00:30]} 40. Qd3 {
[%emt 0:00:59]} Rc8 {[%emt 0:02:03]} 41. f4 {[%emt 0:06:45]} Rc1+ {[%emt 0:03:
24]} 42. Kg2 {[%emt 0:01:31]} Ree1 {[%emt 0:02:19]} 43. Kh3 {[%emt 0:06:49]}
Rcd1 {[%emt 0:03:45]} 44. Qb5 {[%emt 0:01:43]} Kf8 {[%emt 0:05:49]} 45. Qxa5 {
[%emt 0:01:21]} Kg7 {[%emt 0:03:35]} 46. Kg4 {[%emt 0:06:52]} Rh1 47. Qb5 {
[%emt 0:02:24]} d5 {[%emt 0:07:00]} 48. Qb3 Rd2 49. Qf3 Rdh2 {[%emt 0:07:55]}
50. Qxd5 {[%emt 0:00:06]} Ra1 {[%emt 0:00:33]} 51. Qb3 {[%emt 0:00:35]} f5+ {
[%emt 0:01:57]} 52. Kg5 {[%emt 0:01:19]} f6+ {[%emt 0:00:13]} 53. Kxf5 {
[%emt 0:00:06]} Rxh5+ {[%emt 0:00:03]} 54. Kg4 {[%emt 0:01:45]} Rah1 {[%emt 0:
03:22]} 55. Qb7+ {[%emt 0:00:25]} Kg6 {[%emt 0:00:49]} 56. Qc6 {[%emt 0:01:18]}
Re1 {[%emt 0:00:54]} 57. a4 {[%emt 0:02:50]} Re7 {[%emt 0:00:33]} 58. Qb6 {
[%emt 0:01:07]} Re4 {[%emt 0:01:27]} 59. a5 {[%emt 0:01:47]} Ra4 {[%emt 0:00:
43]} 60. Qb1+ {[%emt 0:00:54]} Kh6 {[%emt 0:00:51]} 61. Qb2 {[%emt 0:00:19]}
Rg5+ {[%emt 0:00:33]} 62. Kf3 {[%emt 0:00:34]} Rf5 {[%emt 0:00:08]} 63. Qb6 {
[%emt 0:01:08]} Ra3+ {[%emt 0:01:10]} 64. Kg4 {[%emt 0:01:03]} Raxa5 {[%emt 0:
00:25]} 65. Qe6 {[%emt 0:00:14]} Kg6 {[%emt 0:00:21]} 66. Qg8+ {[%emt 0:00:17]}
Kh6 67. Qh8+ {[%emt 0:00:05]} Kg6 {[%emt 0:00:01]} 68. Qg8+ {[%emt 0:00:07]}
Kh6 69. Qf7 {[%emt 0:00:22]} Rad5 {[%emt 0:01:40]} 70. Kf3 {[%emt 0:00:17]} Rd4
{[%emt 0:00:44]} 71. Qe6 {[%emt 0:00:56]} Kg6 {[%emt 0:00:41]} 72. Qg8+ {
[%emt 0:00:52]} Kh6 73. Qf7 {[%emt 0:00:28]} Ra4 {[%emt 0:01:45]} 74. Qe6 {
[%emt 0:00:41]} Raa5 {[%emt 0:00:51]} 75. g4 {[%emt 0:00:22]} Ra3+ {[%emt 0:00:
49]} 76. Ke4 {[%emt 0:00:07]} Rfa5 {[%emt 0:00:16]} 77. Qxf6+ {[%emt 0:00:35]}
Kh7 78. g5 {[%emt 0:01:05]} Ra6 {[%emt 0:00:19]} 79. Qf7+ {[%emt 0:00:11]} Kh8
{[%emt 0:00:01]} 80. Qf8+ {[%emt 0:00:19]} Kh7 81. Qf7+ {[%emt 0:00:09]} Kh8
82. Qe8+ {[%emt 0:01:36]} Kg7 {[%emt 0:00:35]} 83. Kf5 {[%emt 0:00:24]} R3a5+ {
[%emt 0:01:34]} 84. Kg4 {[%emt 0:00:05]} Ra4 {[%emt 0:00:43]} 85. Qe7+ {
[%emt 0:00:19]} Kg6 {[%emt 0:00:33]} 86. Qe8+ {[%emt 0:00:07]} Kg7 {[%emt 0:00:
05]} 87. Kh5 {[%emt 0:00:32]} Ra1 {[%emt 0:00:55]} 88. Qe5+ {[%emt 0:00:52]}
Kg8 {[%emt 0:00:13]} 89. Qd5+ {[%emt 0:00:06]} Kh8 {[%emt 0:00:57]} 90. f5 {
[%emt 0:00:21]} Ra8 {[%emt 0:01:00]} 91. Kh6 {[%emt 0:00:59]} R1a6+ {[%emt 0:
00:23]} 92. g6 {[%emt 0:00:31]} Rf8 {[%emt 0:01:04]} 93. Qb7 {[%emt 0:01:02]}
1-0

[Event "European Individual Championship - Reyk"]
[Site "Reykjavik, Iceland"]
[Date "2021.08.27"]
[Round "2.29"]
[White "Grigorian, Spartak"]
[Black "Parligras, Mircea-Emilian"]
[Result "1/2-1/2"]
[WhiteElo "2448"]
[BlackElo "2591"]
[PlyCount "44"]
[EventDate "2021.??.??"]

1. d4 {[%emt 0:02:50]} Nf6 {[%emt 0:00:09]} 2. c4 {[%emt 0:00:16]} e6 {[%emt 0:
00:18]} 3. Nf3 d5 {[%emt 0:00:29]} 4. g3 {[%emt 0:00:09]} Bb4+ {[%emt 0:00:25]}
5. Bd2 {[%emt 0:00:15]} Be7 {[%emt 0:00:10]} 6. Bg2 {[%emt 0:00:11]} O-O {
[%emt 0:00:31]} 7. O-O {[%emt 0:00:06]} c6 {[%emt 0:00:28]} 8. Qc2 {[%emt 0:00:
45]} Nbd7 {[%emt 0:01:04]} 9. Rd1 {[%emt 0:00:33]} b6 {[%emt 0:01:03]} 10. Bf4
{[%emt 0:02:24]} Ba6 {[%emt 0:02:24]} 11. Ne5 {[%emt 0:01:58]} Rc8 {[%emt 0:00:
41]} 12. cxd5 {[%emt 0:03:31]} Nxd5 {[%emt 0:01:10]} 13. Nc3 {[%emt 0:03:00]}
Nxe5 {[%emt 0:04:31]} 14. Bxe5 {[%emt 0:01:27]} f6 {[%emt 0:00:31]} 15. Bf4 {
[%emt 0:00:20]} Nxf4 {[%emt 0:00:07]} 16. gxf4 {[%emt 0:00:04]} f5 {[%emt 0:00:
24]} 17. Qa4 {[%emt 0:01:17]} Bb7 {[%emt 0:00:23]} 18. Qxa7 {[%emt 0:00:08]}
Qc7 {[%emt 0:03:05]} 19. Nb5 {[%emt 0:00:44]} Qd7 {[%emt 0:00:52]} 20. Nc3 {
[%emt 0:01:23]} Qc7 {[%emt 0:07:16]} 21. Nb5 {[%emt 0:01:56]} Qd7 {[%emt 0:00:
16]} 22. Nc3 {[%emt 0:00:19]} Qc7 {[%emt 0:00:05]} 1/2-1/2

[Event "European Individual Championship - Reyk"]
[Site "Reykjavik, Iceland"]
[Date "2021.08.27"]
[Round "2.30"]
[White "Sivuk, Vitaly"]
[Black "Gretarsson, Helgi Ass"]
[Result "1-0"]
[WhiteElo "2589"]
[BlackElo "2447"]
[PlyCount "69"]
[EventDate "2021.??.??"]

1. e4 {[%emt 0:04:39]} d6 2. d4 Nf6 3. Nc3 g6 4. Be3 c6 5. h3 Nbd7 6. f4 b5 {
[%emt 0:04:51]} 7. Bd3 {[%emt 0:03:03]} b4 {[%emt 0:26:33]} 8. Nce2 {[%emt 0:
01:53]} d5 {[%emt 0:00:12]} 9. e5 {[%emt 0:07:24]} Ne4 {[%emt 0:01:14]} 10. Nf3
{[%emt 0:04:30]} Nb6 {[%emt 0:10:23]} 11. O-O {[%emt 0:10:32]} f5 {[%emt 0:00:
39]} 12. a3 {[%emt 0:00:27]} bxa3 {[%emt 0:12:11]} 13. b3 {[%emt 0:02:37]} e6 {
[%emt 0:01:02]} 14. Bc1 {[%emt 0:04:33]} c5 {[%emt 0:04:25]} 15. Bxa3 {[%emt 0:
02:05]} c4 {[%emt 0:06:29]} 16. bxc4 {[%emt 0:01:24]} Nxc4 {[%emt 0:00:08]} 17.
Bxc4 {[%emt 0:08:39]} dxc4 {[%emt 0:00:05]} 18. Bxf8 {[%emt 0:09:24]} Rxf8 {
[%emt 0:11:45]} 19. Nd2 {[%emt 0:01:35]} Nc3 {[%emt 0:07:24]} 20. Nxc3 {
[%emt 0:05:55]} Qxd4+ {[%emt 0:00:01]} 21. Kh2 {[%emt 0:00:15]} Qxc3 {[%emt 0:
00:03]} 22. Ra4 {[%emt 0:00:55]} Bb7 {[%emt 0:00:09]} 23. Nxc4 {[%emt 0:01:52]}
Bd5 {[%emt 0:04:12]} 24. Nd6+ {[%emt 0:02:20]} Kd7 {[%emt 0:02:10]} 25. Rd4 {
[%emt 0:10:36]} Rab8 {[%emt 0:01:52]} 26. Rd3 {[%emt 0:02:11]} Qb2 {[%emt 0:00:
02]} 27. Nc4 {[%emt 0:00:55]} Qa2 {[%emt 0:00:59]} 28. Ne3 {[%emt 0:05:37]} Ke7
{[%emt 0:00:02]} 29. Nxd5+ {[%emt 0:05:49]} exd5 {[%emt 0:00:02]} 30. Rff3 {
[%emt 0:00:30]} Rb1 {[%emt 0:01:26]} 31. Qd2 {[%emt 0:00:46]} Rc8 {[%emt 0:00:
26]} 32. Rxd5 {[%emt 0:02:31]} Rb7 {[%emt 0:00:06]} 33. Rfd3 {[%emt 0:01:57]}
Qa4 {[%emt 0:00:02]} 34. Qf2 {[%emt 0:00:30]} Ke8 {[%emt 0:01:12]} 35. c3 {
[%emt 0:00:35]} 1-0

[Event "European Individual Championship - Reyk"]
[Site "Reykjavik, Iceland"]
[Date "2021.08.27"]
[Round "2.31"]
[White "Petkov, Momchil"]
[Black "Nguyen, Thai Dai Van"]
[Result "1/2-1/2"]
[WhiteElo "2443"]
[BlackElo "2588"]
[PlyCount "68"]
[EventDate "2021.??.??"]

1. e4 e5 2. Nf3 Nc6 3. Bc4 Bc5 4. c3 Nf6 5. d3 {[%emt 0:00:01]} O-O {[%emt 0:
00:10]} 6. Bg5 {[%emt 0:02:20]} Be7 {[%emt 0:03:24]} 7. Nbd2 {[%emt 0:05:45]}
Na5 {[%emt 0:14:12]} 8. Bb5 {[%emt 0:26:58]} d5 {[%emt 0:07:36]} 9. b4 {
[%emt 0:02:37]} dxe4 {[%emt 0:15:04]} 10. dxe4 {[%emt 0:01:57]} a6 {[%emt 0:00:
14]} 11. Ba4 {[%emt 0:01:23]} b5 {[%emt 0:00:29]} 12. Bc2 {[%emt 0:02:43]} Nc6
{[%emt 0:01:35]} 13. a4 {[%emt 0:00:31]} Rb8 {[%emt 0:02:29]} 14. Bxf6 {
[%emt 0:09:34]} Bxf6 {[%emt 0:00:12]} 15. O-O {[%emt 0:00:19]} Qe7 {[%emt 0:04:
42]} 16. Bb3 {[%emt 0:03:24]} Nd8 {[%emt 0:02:11]} 17. axb5 {[%emt 0:05:40]}
axb5 {[%emt 0:00:04]} 18. Ra7 {[%emt 0:02:09]} Nc6 {[%emt 0:00:34]} 19. Ra2 {
[%emt 0:01:05]} Nd8 {[%emt 0:00:06]} 20. Ra7 {[%emt 0:00:14]} Qd6 {[%emt 0:08:
02]} 21. Qc2 {[%emt 0:04:27]} Nc6 {[%emt 0:04:13]} 22. Raa1 {[%emt 0:02:51]}
Ne7 {[%emt 0:00:06]} 23. Rfd1 {[%emt 0:03:30]} Qb6 {[%emt 0:00:27]} 24. g3 {
[%emt 0:03:13]} Bh3 {[%emt 0:02:13]} 25. Nf1 {[%emt 0:00:41]} c5 {[%emt 0:02:
43]} 26. bxc5 {[%emt 0:00:37]} Qxc5 {[%emt 0:00:06]} 27. Ne3 {[%emt 0:00:35]}
Rbc8 {[%emt 0:00:43]} 28. Rd3 {[%emt 0:03:23]} h5 {[%emt 0:02:16]} 29. Kh1 {
[%emt 0:00:26]} Rc7 {[%emt 0:06:07]} 30. Qd1 {[%emt 0:02:44]} g6 {[%emt 0:03:
03]} 31. Ra6 {[%emt 0:02:10]} Rc6 {[%emt 0:03:37]} 32. Rxc6 {[%emt 0:00:45]}
Nxc6 {[%emt 0:00:14]} 33. Rd6 {[%emt 0:00:35]} Rd8 {[%emt 0:01:27]} 34. Rxd8+ {
[%emt 0:02:25]} Bxd8 {[%emt 0:02:12]} 1/2-1/2

[Event "European Individual Championship - Reyk"]
[Site "Reykjavik, Iceland"]
[Date "2021.08.27"]
[Round "2.32"]
[White "Gabuzyan, Hovhannes"]
[Black "Vogel, Roven"]
[Result "1-0"]
[WhiteElo "2587"]
[BlackElo "2441"]
[PlyCount "55"]
[EventDate "2021.??.??"]

1. c4 e6 {[%emt 0:01:15]} 2. d4 {[%emt 0:00:13]} d5 {[%emt 0:00:10]} 3. Nc3 {
[%emt 0:00:07]} Nf6 {[%emt 0:00:17]} 4. Nf3 Be7 {[%emt 0:00:09]} 5. Bf4 {
[%emt 0:00:39]} O-O {[%emt 0:00:17]} 6. e3 {[%emt 0:02:30]} c5 {[%emt 0:00:16]}
7. dxc5 {[%emt 0:00:40]} Bxc5 {[%emt 0:00:19]} 8. Rc1 {[%emt 0:03:34]} Nc6 {
[%emt 0:02:18]} 9. cxd5 {[%emt 0:01:02]} exd5 {[%emt 0:00:24]} 10. Be2 {
[%emt 0:04:14]} d4 {[%emt 0:04:40]} 11. exd4 {[%emt 0:00:06]} Nxd4 {[%emt 0:10:
07]} 12. Nxd4 {[%emt 0:00:07]} Qxd4 {[%emt 0:00:16]} 13. Qxd4 {[%emt 0:00:06]}
Bxd4 {[%emt 0:00:09]} 14. Nb5 {[%emt 0:00:17]} Nd5 {[%emt 0:09:25]} 15. Bd6 Rd8
{[%emt 0:03:33]} 16. Rd1 {[%emt 0:01:30]} a6 {[%emt 0:03:40]} 17. Rxd4 {
[%emt 0:00:23]} axb5 {[%emt 0:00:07]} 18. Rxd5 {[%emt 0:08:03]} Ra6 {[%emt 0:
00:27]} 19. Bxb5 {[%emt 0:00:08]} Raxd6 {[%emt 0:00:37]} 20. Rxd6 {[%emt 0:00:
04]} Rxd6 {[%emt 0:00:08]} 21. Ke2 {[%emt 0:00:16]} Bd7 {[%emt 0:15:15]} 22.
Bxd7 {[%emt 0:03:24]} Rxd7 {[%emt 0:00:02]} 23. Rd1 {[%emt 0:00:05]} Re7+ {
[%emt 0:00:13]} 24. Kd3 {[%emt 0:00:09]} g5 {[%emt 0:08:53]} 25. Rd2 {[%emt 0:
00:29]} f5 {[%emt 0:06:50]} 26. Kc4 {[%emt 0:00:26]} Kf7 {[%emt 0:02:06]} 27.
a4 {[%emt 0:01:03]} h5 {[%emt 0:07:51]} 28. b4 {[%emt 0:02:39]} 1-0